000 nam a22 a 4500
999 _c4565
_d4565
003 AKMAL
005 20170601084536.0
008 1 s1996 my 00 eng d
020 _a9678905485 (pbk.):
_cRM 22.50
040 _cAKMAL
082 0 4 _a346.595066 COM
090 _a346.595066
_bCOM
110 1 _aMalaysia
_9400
240 1 _aAkta Syarikat, 1965.
_lEnglish
245 1 0 _aCompanies Act, 1965 (Act 125) & subsidiary legislations :
_bas at 15th August 1996 /
_ccompiled by Legal Research Board
260 _aKuala Lumpur :
_bInternational Law Book Services,
_c1996
300 _axviii, 483p. ;
_c24cm
440 _aLaws of Malaysia
_91830
650 _aCorporation law
_zMalaysia
_93947
710 2 _aLegal Research Board
_93922
942 _2ddc
_cBOOK